Cross-couplings of Nitro Compounds and Their Potential in the Synthesis of Natural Products bachelor thesis
Uložené v:
| Hlavný autor: | |
|---|---|
| Médium: | Kniha |
| Jazyk: | English |
| Vydavateľské údaje: |
Bratislava
STU FCHPT
2019
|
| On-line prístup: | View in OPAC |
| Tagy: |
Žiadne tagy, Buďte prvý, kto otaguje tento záznam!
|
MARC
| LEADER | 00000nam a2200000 a 4500 | ||
|---|---|---|---|
| 005 | 20260127134234.0 | ||
| 008 | 191008 2019 xo a 001 0 eng d | ||
| 035 | |a vtls011892120 | ||
| 039 | 9 | |y 201910081106 |z mschk03 | |
| 040 | |a STUSCHK1 |b slo |c STUSCHK1 |e AACR2 | ||
| 100 | 1 | |a Detková, Katarína Ráchel | |
| 245 | 1 | |a Cross-couplings of Nitro Compounds and Their Potential in the Synthesis of Natural Products |b bachelor thesis |c Katarína Katarína Ráchel | |
| 260 | |a Bratislava |b STU FCHPT |c 2019 | ||
| 300 | |a 58 s. |b ill. |c 25 cm | ||
| 500 | |a Study programme: Chemistry, Medical Chemistry and Chemical Materials | ||
| 500 | |a Study fields: Chemical Technologies, Chemistry | ||
| 500 | |a Workplace: Departnent of Organic Chemistry | ||
| 500 | |a Reg.No.: FCHPT-13569-866836 | ||
| 910 | |a SCHK95 | ||
| 999 | |c 7536 |d 7536 | ||